00590cam a2200205 a 450000100100000000500170001000800410002702000150006804000200008308200240010310000290012724500560015625000120021226000370022430000210026149000270028265000220030965000260033183000270035700000808420200929154427.0750623s1994 sp 000 f spa d a8432230189 aDO-SdBNPdBNPHU a863.64bM539v, 19941 aMendoza, Eduardo,d1943-13aLa verdad sobre el caso Savolta /cEduardo Mendoza. a18a ed. aBarcelona :bSeix Barral,c1994. a463 p. ;c20 cm.0 aBiblioteca de bolsillo 4aNovela española 4aLiteratura española 0aBiblioteca de bolsillo